| 000 | 03386nam a2200181Ia 4500 | ||
|---|---|---|---|
| 008 | 180910s9999 xx 000 0 und d | ||
| 100 | 1 |
_aشهوان، عازار _gماستر تعليم مادة الجغرافيا |
|
| 245 | 1 | 0 | _aأثر استخدام شبكة المفاهيم في تعلّم وتعليم الجغرافيا على تحصيل تلاميذ الصّف السّابع الاساسي |
| 260 |
_aبيروت _bالجامعة اللبنانية - كلية التربية، العمادة _c2014 |
||
| 300 | _a145 pages | ||
| 500 | _aالنوع : رسالة | ||
| 520 | 3 | _aيتميزعصرنا بتدفق المعلومات في مختلف المجالات العلمية ومنها الجغرافيا، وتعمل المناهج الجديدة على إدخال استراتيجيات تدريس حديثة تسهل العملية التعلميّة - التعليميّة بالنسبة للمعلم والمتعلم. لهذا هدف هذا البحث إلى التعرف على استراتيجية شبكة المفاهيم وأثر استعمالها في تعلم وتعليم الجغرافيا على تحصيل التلاميذ. ولتحقيق هذا الهدف اعتمدت الباحثة المنهج التجريبي، واقتصرت العينة على تلاميذ الصف السابع الأساسي في مدرسة فال بار جاك لراهبات الصليب - بقنّايا جلّ الديب. تم إعداد الدروس باستخدام استراتيجية تدريس المفاهيم للمجموعتين الضابطة والتجريبية، وبإضافة استراتيجية شبكة المفاهيم للمجموعة التجريبية، وتم إجراء اختبار تحصيلي يتلاءم مع كفايات المرحلة المتوسطة ومع كافة مستويات بلوم لرصد نتائج المجموعتين. تمت إعادة الاختبار نفسه بعد شهر لقياس مدى مساهمة استراتيجية شبكة المفاهيم في ترسيخ المعلومات عند التلاميذ. كما تم توزيع استمارة على تلاميذ المجموعة التجريبية لتبيُّن مدى تأثير استخدام"استراتيجية شبكة المفاهيم" إيجابيا على مواقفهم من تعلم مادة الجغرافيا. لقد أظهرت النتائج تفوق تلاميذ المجموعة التجريبية على المجموعة الضابطة في الاختبارين الأول والثاني.كما أظهرت نتائج تحليل الاستمارات ازدياد اندفاع التلاميذ لتعلم مادة الجغرافيا من خلال استخدام استراتيجية شبكة المفاهيم. إنطلاقا من النتائج تم إثبات صحة فرضيات البحث، ثم طرح بعض الاقتراحات التي تفتح أفاقاً جديدة لأبحاث مختلفة. | |
| 650 | 4 | _aCycle moyen Enseignement de la géographie Méthodes d’enseignement L’accomplissement des étudiants | |
| 650 | 4 | _aIntermediate Education Geography Education Teaching Methods Students achievement | |
| 650 | 4 | _aالمرحلة المتوسطة تعليم الجغرافيا طرق التعليم تحصيل الطلبة | |
| 856 | _zالجامعة اللبنانية - كلية التربية، العمادة | ||
| 942 | _cLAESDATA | ||
| 999 |
_c20968 _d20968 |
||